Welcome to the Holygrace Academy Library

Please use search bar below to get started

THE JUNGLE BOOK (Record no. 3474)

MARC details
000 -LEADER
fixed length control field 00635nam a22001457a 4500
020 ## - INTERNATIONAL STANDARD BOOK NUMBER
ISBN 978-1-784-87238-0
082 ## - DEWEY DECIMAL CLASSIFICATION NUMBER
Classification number 823
Item number KIP/J
100 ## - MAIN ENTRY--AUTHOR NAME
Personal name KIPLING, RUDYARD
245 ## - TITLE STATEMENT
Title THE JUNGLE BOOK
260 ## - PUBLICATION, DISTRIBUTION, ETC. (IMPRINT)
Place of publication LONDON
Name of publisher VINTAGE BOOKS
Year of publication 2016
300 ## - PHYSICAL DESCRIPTION
Number of Pages 228
520 ## - SUMMARY, ETC.
Summary, etc The Jungle Book by Rudyard Kipling is an adventure story about a man-cub named Mowgli. Mowgli is hunted by an evil tiger named Shere Khan. Mowgli tries to live a peaceful life with other humans, but is too wild for them and too human for the wolves. Eventually Mowgli finds a home in the jungle with a pack of his own.
650 ## - SUBJECT ADDED ENTRY--TOPICAL TERM
Topical Term NOVEL
Geographic subdivision UNITED KINGDOM
942 ## - ADDED ENTRY ELEMENTS (KOHA)
Koha item type Books
Holdings
Withdrawn status Lost status Collection code Home library Current library Shelving location Date acquired Source of acquisition Full call number Accession Number Koha item type
    Fiction Main Library Main Library SHELF-14G- ALPHABETICAL J,K,L --ENGLISH NOVELS & FICTIONS 09/11/2016 purchase 823 KIP/J 09799 Books